00570nam a2200193 a 4500001001300000003000900013005001700022008004100039020002300080082001700103100002600120245006300146260004300209300001000252500003500262505002700297650002600324700002600350nice12345678IN_TiNIC20260116014059.0140525s2011 oxfa grp 000 0 eng  a9781851682300c49500a294.592bKLO aKlostermaier, Klaus K aHindu Writingsb A Short Introduction to the Major Sources aOxford bOne World Publications c2011 a198p  aincludes index and biblioraphy2 anotes, glossary, index aHinduism-Sacred Books1 aKlostermaier, Klaus K